000 00708nam a2200265Ia 4500
003 EC-GqESP
005 20260130105929.0
008 250425s9999 xx 000 0 und d
010 _a65480
041 _aspa
043 _aec
082 _a378.155
100 _aCARRION, PAUL
245 0 _aEL DESARROLLO DE LA INVESTIGACION EN LA ESPOL
250 _aS.E
260 _aEcuador
_bESPOL, CICYT
_c2008
260 _aGUAYAQUIL
300 _a301
650 _aCENTRO DE INVESTIGACION CIENTIFICA Y TECNOLOGICA
650 _aESPOL-INVESTIGACION Y DESARROLLO
650 _aESPOL-PROYECTOS DE INVESTIGACION
650 _aESPOL-PROYECTOS DE INVESTIGACION
700 _aTACLE, MOISES
942 _c01
999 _c227621
_d227621